000 00726nam a2200193Ii 4500
003 JO-AjNU
008 230605s9999||||xx |||||||||||||| ||und||
040 _aJO-AjNU
_bara
_erda
_cJO-AjNU
041 _aara
050 1 4 _aHD30.23.A2288.1986
100 3 _aمرعي،عبد الحي/الاميرة عثمان,
_eauthor
_919202
245 0 0 _aالمعلومات المجاسبية والنماذج الكمية في اتخاذ القرارات
264 3 1 _aالاسكندرية:مؤسسة شباب الجامعة،1986
300 _a621ص
336 _atext
_btxt
_2rdacontent
337 _aunmediated
_bn
_2rdamedia
338 _avolume
_bnc
_2rdacarrier
650 4 _aادارة الاعمال-اتخاذ القرارات
_919203
999 _aA6288
_c9856
_d9856